Štúdium expresie rastlinných konjugáz tvoriacich triénové mastné kyseliny v Yarrowia lipolytica

Salvato in:
Dettagli Bibliografici
Autore principale: Gálová, Rebeka (Autore)
Altri autori: Gajdoš, Peter (Relatore della tesi)
Natura: Manoscritto Libro
Lingua:slovacco
Pubblicazione: 2023
Soggetti:
Accesso online:http://is.stuba.sk/zp/portal_zp.pl?podrobnosti=169594
Tags: Aggiungi Tag
Nessun Tag, puoi essere il primo ad aggiungerne!!

MARC

LEADER 00000ntm a22000003a 4500
001 stuzp94386
003 SK-STU
005 20230909221945.4
007 ta
008 150427s2015----xo-----f-mn---000-0-slo-d
040 |a STU  |b slo 
041 0 |a slo 
100 1 |a Gálová, Rebeka  |u 044000  |4 aut  |U FCHPT Fakulta chemickej a potravinárskej technológie  |T FCHPT Ústav biotechnológie  |X 97401  |U C4000  |Y 102  |7 97401 
242 0 1 |a Study of the expression of plant conjugases forming triene fatty acids in Yarrowia lipolytica  |y eng 
245 1 0 |a Štúdium expresie rastlinných konjugáz tvoriacich triénové mastné kyseliny v Yarrowia lipolytica 
260 |c 2023 
650 4 |a Yarrowia lipolytica  |2 slo 
650 4 |a polynenasýtené mastné kyseliny  |2 slo 
650 4 |a konjugované mastné kyseliny  |2 slo 
650 4 |a kyselina kalendová  |2 slo 
650 4 |a kyselina žakarová  |2 slo 
650 4 |a kyselina α-eleosteárová  |2 slo 
650 4 |a Yarrowia lipolytica  |2 eng 
650 4 |a polyunsaturated fatty acids  |2 eng 
650 4 |a conjugated fatty acids  |2 eng 
650 4 |a calendic acid  |2 eng 
650 4 |a jacaric acid  |2 eng 
650 4 |a α-eleostearic acid  |2 eng 
700 1 |a Gajdoš, Peter  |u 044000  |k Z1  |4 ths  |U FCHPT Fakulta chemickej a potravinárskej technológie  |T FCHPT Ústav biotechnológie  |X 40394  |U C4000  |Y 102  |7 A000040394 
856 4 |u http://is.stuba.sk/zp/portal_zp.pl?podrobnosti=169594